000 00297nam a22001337a 4500
008 170202b xxu||||| |||| 00| 0 eng d
020 _a9780815119067
041 _aeng
080 _22ND
_a618.2
100 _a2
101 _aINF
245 _aNURSING CASE MANAGEMENT
_cCOHEN, E.L
942 _2udc
_cBK
999 _c4309
_d4309